00649cam a22002411 4500001001300000003000400013005001700017008004100034010001700075035001900092040001800111042001200129050001500141100003600156245006300192260002000255300002800275502002800303500001000331504003600341650001300377999001700390g 01001687 DLC20260227111255.0810417s1900 gw b 000 0 ger  ag 01001687  a(OCoLC)7346841 aDLCcNNUdDLC apremarc00aBF685b.S41 aScott, Walter Dill,d1869-1955.04aDie psychologie der triebe historisch-kritisch betrachtet. aLeipzig,c1900. a52 p., 2 leavesc22 cm. aInaug.--diss.--Leipzig. aVita. a"Litteraturverzeichnis": 1 leaf 0aImpulse. c23812d23812